Bizans'ın son yüzyılları (Kayıt no. 2523)

MARC ayrıntıları
000 -BAŞLIK
Sabit Uzunlukta Kontrol Alanı 00947na a2200301 4500
001 - KONTROL NUMARASI
Denetim Alanı 18143
003 - KONTROL NUMARASI IDENTIFIER
Denetim Alanı MIRAKIL
005 - SON İŞLEM TARİHİ VE ZAMANI
Denetim Alanı 20181213154900.0
008 - SABİT-BOY VERİ ELEMANLARI - GENEL BİLGİLER
Sabit Uzunlukta Kontrol Alanı 161112b tu 000 0
020 ## - ULUSLARARASI STANDART KİTAP NUMARASI
Uluslararası Standart Kitap Numarası 9786053328445
040 ## - KATALOGLAMA KAYNAK
Orijinal Kataloglama Ajansı Milas
Kataloglama Dili tur
Metne Dönüştürmek Ajansı TR-AnCHP
041 ## - DİL KODU
Metin / Ses Parça Veya Ayrı Başlığın Dil Kodu tur
082 ## - DEWEY ONLU SINIFLANDIRMA NUMARASI
Sınıflandırma Numarası 949.504
Ürün Numarası N51b 2016
090 ## - SINIFLAMA NUMARASI
Sınıflama Numarası 949.504 N51b 2016
100 ## - ANA GİRİŞ - KİŞİSEL İSİM
Kişisel Ad Nicol, Donald MacGillivray
245 ## - BAŞLIK TABLOSU
Başlık Bizans'ın son yüzyılları
Başlığın Kalan 1261-1453
Sorumluluk Tablosu, Vb Donald M. Nicol ; çeviren Bilge Umar
246 ## - UNVAN FORM VARYING
Başlık Doğru / Kısa Başlığı Bizansın son yüzyılları
260 ## - YAYIN, DAĞITIM, VB
Yayın, Dağıtım, Vb Yeri İstanbul
Yayıncı, Dağıtıcı, Vs Adı Türkiye İş Bankası Kültür Yayınları
Yayın, Dağıtım, Vb Tarihi 2016
300 ## - FİZİKSEL TANIM
Kapsam xiii, 582 s.
Diğer Fiziksel Ayrıntıları şkl.
Boyutlar 23 sm.
440 ## - SERİSİ TABLOSU / KATMA GİRİŞİ - BAŞLIK
Başlık Türkiye İş Bankası Kültür yayınları
Hacim / Ardışık Tanımı 3629
490 ## - SERİSİ TABLOSU
Seri Beyanı Tarih
504 ## - KAYNAKÇA VB NOT
Kaynakça Vb Notu Kaynakça (ss. 509-567) ve dizin var.
610 ## - KONU KATMA GİRİŞ - TOPLANTI ADI
Giriş Elemanı Olarak Kurumsal Ad Veya Yargı Alanı Adı Bizans İmparatorluğu
Genel Alt Bölüm Tarih
Kronolojik Alt Bölüm 1261-1453
650 ## - KONU KATMA GİRİŞ - TOPİKAL DÖNEM
Topikal Süreli Veya Coğrafi Ad Giriş Elemanı Ortaçağ tarihi
650 ## - KONU KATMA GİRİŞ - TOPİKAL DÖNEM
Topikal Süreli Veya Coğrafi Ad Giriş Elemanı Bizans tarihi
700 ## - KATMA GİRİŞ - KİŞİSEL İSİM
Kişisel Ad Umar, Bilge
942 ## - EKLENDİ GİRİŞ ELEMANLARI (KOHA)
Sınıflandırma Veya Raf Düzeni Kaynak
Koha Öğesi Türü Kitaplar
999 ## - SİSTEM KONTROL NUMARALARI (KOHA)
Koha Biblionumber 2523
Koha Biblioitemnumber 2523
Mevcut
Kalıcı Konum Mevcut Konum Edinme Tarihi Edinim Kaynak Toplam Check-Out'Lar Tam Çağrı Numarası Barkod Tarih Son Görülme İtibaren Geçerli Fiyatlar Koha Öğesi Türü
CHP Kütüphanesi CHP Kütüphanesi 11/12/2016 Bağış   949.504 N51b 2016 009420 11/12/2016 11/12/2016 Kitaplar